Statistics for Waystones of the (street view) world

Click here to take the quiz!

General Stats

  • This quiz has been taken 24 times
  • The average score is 23 of 61

Answer Stats

Answer% Correct
Thailand
100%
Tunisia
100%
Bangladesh
67%
Bhutan
67%
Cambodia
67%
Cambodia
67%
Estonia
67%
France
67%
Philippines
67%
Romania
67%
Romania
67%
Senegal
67%
Sri Lanka
67%
Tunisia
67%
Bhutan
33%
Botswana
33%
Brazil
33%
Bulgaria
33%
Colombia
33%
Ecuador
33%
Ghana
33%
Indonesia
33%
Indonesia
33%
Indonesia
33%
Indonesia
33%
Italy
33%
Kyrgyzstan
33%
Lesotho
33%
Lesotho
33%
Lesotho
33%
Lesotho
33%
Lesotho
33%
Luxembourg
33%
Luxembourg
33%
Madagascar
33%
Malaysia
33%
Malaysia
33%
Mongolia
33%
Nigeria
33%
Peru
33%
Philippines
33%
Philippines
33%
Portugal
33%
Portugal
33%
Romania
33%
South Africa
33%
Spain
33%
Spain
33%
Spain
33%
Sri Lanka
33%
Tunisia
33%
Uruguay
33%
Botswana
0%
Eswatini
0%
Ghana
0%
Ghana
0%
India
0%
South Africa
0%
Uganda
0%
Uganda
0%
Uganda
0%

Score Distribution

Percentile by Number Answered

Percent of People with Each Score

Your Score History

You have not taken this quiz